00759nam a2200241 a 4500001001300000003000900013005001700022008004100039020002300080082001800103100001800121245008000139260004400219300000900263500003500272505001000307650003300317700001800350902000800368942000700376952011900383999001500502nice12345678IN_TiNIC20260116012304.0050524s1985 usaa grp 000 0 eng  a0930811 c10000a016.0954bKHA aKhalidi, Omar aHyderabad State Under the Nizams, 1724-1948b Bibliography of Monographic & aUSAbHyderabad Historical Societyc1985 a171p aincludes index and biblioraphy2 aIndex aBibliography-Hyderabad State1 aKhalidi, Omar bRHR cBK 001040708ReferHall-aHMIbHMId2007-03-15g100.00l0o016.0954 KHAp012111r2007-03-15v100.00w2005-05-24yBK c6406d6406